000 00313nam a22001337a 4500
008 170425b xxu||||| |||| 00| 0 eng d
020 _a9780195099294
041 _aeng
080 _a577
100 _a12
101 _aSHM
245 _aCLINICAL STUDIES IN MEDICAL BIOCHEMISTRY
_cGLEW.R.H
942 _2udc
_cBK
999 _c11944
_d11944